000 00947cad a22002295a 4500
001 E149015
008 091214s2009 xxkad f s 000 0 eng d
035 _a(Sirsi) u149015
041 _aeng
050 0 4 _a333.33 $2 18
110 2 _aColliers CRE
_95075
245 0 0 _aReal estate investment forecasts
_b4th quarter 2009
_h[electronic resource]
260 _aLondon
_bColliers CRE
_c2009
490 0 _aReal Estate Investment Forecasts
_vFourth Quarter 2009
520 _aForecasts all property total returns of 3.4% in 2009, and 5.7% in 2010. Suggests that all property rental values will not support an increase in capital values until at least 2011.
521 _aAdvanced
590 _aKA
651 4 _aUnited Kingdom
_y
690 _aPROPERTY-COMMERCIAL PROPERTY-COMMERCIAL PROPERTY MARKET
856 4 0 _uhttps://www.collierscre.com/marketReports/investment.aspx#
_zView the report free of charge at www.collierscre.com...
942 _n0
999 _c110337
_d110337